| 000 | 01006nam a2200217 i 4500 | ||
|---|---|---|---|
| 001 | 148863 | ||
| 003 | ES-MaACL | ||
| 005 | 20230906202839.0 | ||
| 007 | t| | ||
| 008 | 070214s1970 sp |||| | spa d | ||
| 080 | _a944"1968" | ||
| 245 | 0 | 4 |
_aLos sucesos de mayo-junio 1968 vistos a través de cien empresas _b: documento realizado en... julio y agosto de 1968, a partir de los testimonios recogidos en el Centro Nacional de Información para la Productividad de las Empresas / _cpublicado por la Asociación Española de Directores y Jefes de Personal ; traducción de Enrique Martín Enciso. |
| 260 |
_aMadrid : _bIbérico Europea, _c1970. |
||
| 300 |
_a133 p. ; _c21 cm. |
||
| 490 | 1 | _aCuadernos de dirección de personal | |
| 651 | 4 |
_aFrancia- _xHistoria- _y1968, Movimientos estudiantiles. _9162957 |
|
| 710 | 2 |
_aAsociación Española de Directores y Jefes de Personal. _91651 |
|
| 830 | 0 |
_aCuadernos de dirección de personal _9221046 |
|
| 852 |
_aES-MaACL _jC-46156 |
||
| 999 |
_c148863 _d148863 |
||